ESSENTIALS OF ORAL BIOLOGY (Record no. 4508)
[ view plain ]
| 000 -LEADER | |
|---|---|
| fixed length control field | 00366nam a2200145Ia 4500 |
| 008 - FIXED-LENGTH DATA ELEMENTS--GENERAL INFORMATION | |
| fixed length control field | 150201s2008 xx 000 0 und d |
| 082 ## - DEWEY DECIMAL CLASSIFICATION NUMBER | |
| Classification number | 617.6 |
| Item number | E2008J |
| 100 ## - MAIN ENTRY--PERSONAL NAME | |
| Personal name | JOSE,MAJI |
| 245 ## - TITLE STATEMENT | |
| Title | ESSENTIALS OF ORAL BIOLOGY |
| 250 ## - EDITION STATEMENT | |
| Edition statement | 1ST |
| 260 ## - PUBLICATION, DISTRIBUTION, ETC. (IMPRINT) | |
| Name of publisher, distributor, etc. | C.B.S PUBLISHERS & DISTRIBUTERS |
| Place of publication, distribution, etc. | DELHI |
| Date of publication, distribution, etc. | 2008 |
| 300 ## - PHYSICAL DESCRIPTION | |
| Extent | 1-364 |
| 650 ## - SUBJECT ADDED ENTRY--TOPICAL TERM | |
| Topical term or geographic name as entry element | DENTAL ANATOMY |
| 942 ## - ADDED ENTRY ELEMENTS (KOHA) | |
| Source of classification or shelving scheme | Dewey Decimal Classification |
| Koha item type | Books |
| Koha issues (borrowed), all copies | 6 |
| Withdrawn status | Lost status | Source of classification or shelving scheme | Damaged status | Not for loan | Home library | Current library | Date acquired | Source of acquisition | Cost, normal purchase price | Serial Enumeration / chronology | SGTU | Bill Number | Total Checkouts | Full call number | Barcode | Date last seen | Date last checked out | Bill Date | Koha item type |
|---|---|---|---|---|---|---|---|---|---|---|---|---|---|---|---|---|---|---|---|
| Dewey Decimal Classification | SGT Dental Library | SGT Dental Library | 29/10/2010 | U.B.S.DELHI | 595.00 | 1 | SGTU | 620 | 2 | 617.6 E2008J | FD6136 | 22/04/2025 | 19/04/2025 | 29/03/2013 | Books | ||||
| Dewey Decimal Classification | SGT Dental Library | SGT Dental Library | 29/10/2010 | U.B.S.DELHI | 595.00 | 1 | SGTU | 620 | 7 | 617.6 E2008J | FD6137 | 22/04/2026 | 22/04/2026 | 29/03/2013 | Books | ||||
| Dewey Decimal Classification | SGT Dental Library | SGT Dental Library | 29/10/2010 | U.B.S.DELHI | 595.00 | 1 | SGTU | 620 | 3 | 617.6 E2008J | FD6138 | 21/04/2025 | 21/04/2025 | 29/03/2013 | Books | ||||
| Dewey Decimal Classification | SGT Dental Library | SGT Dental Library | 29/10/2010 | U.B.S.DELHI | 595.00 | 1 | SGTU | 620 | 2 | 617.6 E2008J | FD6139 | 12/06/2025 | 12/06/2025 | 29/03/2013 | Books | ||||
| Dewey Decimal Classification | SGT Dental Library | SGT Dental Library | 29/10/2010 | U.B.S.DELHI | 595.00 | 1 | SGTU | 620 | 1 | 617.6 E2008J | FD6140 | 25/08/2025 | 14/08/2025 | 29/03/2013 | Books |